| 000 | 00581cam a22001577a 4500 | ||
|---|---|---|---|
| 008 | 180718b1984 xxu||||| |||| 00| 0 eng d | ||
| 082 | _aAPPPA 83-84 MUN | ||
| 100 | _aMunjal, H.K. | ||
| 245 |
_aRural electrification in U.P.: its development over the plan periods with case study of a village covering impact of Rural electrification on its development _cby H.K. Munjal |
||
| 260 |
_aNew Delhi _bIndian Institute of Public Administration _c1984 |
||
| 300 | _a70+p. | ||
| 650 | _aVillage | ||
| 650 | _aPlan periods | ||
| 650 | _aDevelopment | ||
| 650 | _aRural electrification-U.P. | ||
| 999 |
_c501337 _d501337 |
||